00796nam a22002057a 4500952015200000999001700152003000900169005001700178008004100195040001300236082001300249100002700262245002900289260005600318300002200374504004900396650001700445650011600462942001200578 00102ddc40718NFICaASLbASLcGENd2020-12-27eDonated by Prof. Husniara Huql0o297 HUGp103620r2020-12-27 00:00:00tC-1w2020-12-27yBKzRARE c20211d20211BDDh-ASL20231015025847.0201227s1977 ii ||||| |||| 00| 0 eng d cBDDh-ASL a297bHUG1 92611aHusain, S. Athar14aThe Glorious Caliphate / aIndia: bIslamic Research and Publications, c1977. a266 p.: c22 cm.  aInclude Bibliographical References and Index 091652aIslam  0aReligion, ধর্ম, Dharma, faith, creed, law, worship, property, আস্তিকতা, দীন92606 2ddccBK